Estudios para piano

Salvato in:
Dettagli Bibliografici
Autore principale: Czerny, Carl (autor)
Natura: Musica a stampa Libro
Lingua:spagnolo
Pubblicazione: Buenos Aires Ricordi Americana 1987
Soggetti:
Tags: Aggiungi Tag
Nessun Tag, puoi essere il primo ad aggiungerne!!

MARC

LEADER 00000ncm a2200000 a 4500
001 UCN5366
003 CL-VaPUC
005 20250325095545.0
008 010824e19870000AG |||||||||||||||||spa|d
999 |c 296928  |d 296926 
040 |c Pontificia Universidad Católica de Valparaíso 
082 0 4 |a Pn786.2193 CZE 1987  |2 21 
100 |a Czerny, Carl  |e autor  |9 461398 
245 1 0 |a Estudios para piano 
260 |a Buenos Aires  |b Ricordi Americana  |c 1987 
300 |a v 
500 |a v.1: 1ª parte: 50 pequeños estudios de op.261, 821, 599 y 139 - 2ª parte: 32 Estudios de op. 829, 849, 335 y 636  
583 |a last modification  |c 20010824 00:00:00  |k Rodrigo Vera 
650 0 |a Piano  |x Estudio e instrucción  |9 325053 
650 0 |a Piano, ejercicios y estudio  |9 328974 
650 0 |a Piano, interpretación  |2 CL-VaPUC  |9 461397 
942 |c BK  |2 ddc 
945 |d 20010824 00:00:00  |a lriquelm 
952 |0 0  |1 0  |2 ddc  |4 0  |6 PN_786_219300000000000_CZE_1987  |7 0  |8 F  |9 351228  |a BIBEDU  |b BIBEDU  |d 2019-11-21  |h v.1  |i 1165720  |l 80  |o Pn786.2193 CZE 1987  |p 1165720  |r 2025-04-08  |s 2025-04-08  |w 2019-11-21  |y PA  |k MUS